Direction of trade (Registro nro. 8549)

Detalles MARC
000 -LEADER
fixed length control field 01249nas a2200265 454500
001 - CONTROL NUMBER
control field 20959
005 - DATE AND TIME OF LATEST TRANSACTION
control field 20260407193506.0
008 - FIXED-LENGTH DATA ELEMENTS--GENERAL INFORMATION
fixed length control field 260407s1967####ag###########|||spa#d
003 - CONTROL NUMBER IDENTIFIER
control field AR-UNSa-BCEJYS
040 ## - CATALOGING SOURCE
Original cataloging agency AR-UNSa-BCEJYS
Language of cataloging spa
Transcribing agency AR-UNSa-BCEJYS
080 ## - UNIVERSAL DECIMAL CLASSIFICATION NUMBER
Universal Decimal Classification number 339.7
Common auxiliary subdivision Finanzas Internacionales
022 ## - INTERNATIONAL STANDARD SERIAL NUMBER
International Standard Serial Number 0252-306X
041 ## - LANGUAGE CODE
Language code of text/sound track or separate title spa
100 1# - MAIN ENTRY--PERSONAL NAME
Personal name International Monetary Fund
245 10 - TITLE STATEMENT
Title Direction of trade
Name of part/section of a work a supplement to International Financial Statistics
264 #1 - PRODUCTION, PUBLICATION, DISTRIBUTION, MANUFACTURE, AND COPYRIGHT NOTICE
Place of production, publication, distribution, manufacture Washington :
Name of producer, publisher, distributor, manufacturer International Monetary Fund
Date of production, publication, distribution, manufacture, or copyright notice 1967
310 ## - CURRENT PUBLICATION FREQUENCY
Current publication frequency Frecuencia: Mensual y Anual<br/>Cambia de Director a partir del mes de Julio de 1972 por Earl Hicks<br/>Cambia de Director a partir del mes de Enero de 1978 por Werner Dannemann<br/>A partir de Enero de 1972 solamente queda el título de Direction of Trade<br/>A partir de Enero de 1981 cambia de título por Direction of Trade Statistics<br/>
590 ## - LOCAL NOTE (RLIN)
Local note niveau_biblio:s niveau_hierar:1
650 ## - SUBJECT ADDED ENTRY--TOPICAL TERM
Topical term or geographic name entry element Exportación/importación
650 ## - SUBJECT ADDED ENTRY--TOPICAL TERM
Topical term or geographic name entry element Comercio internacional
700 1# - ADDED ENTRY--PERSONAL NAME
Personal name The International Bank for Reconstruction and Development
700 1# - ADDED ENTRY--PERSONAL NAME
Personal name Boccia, Leonello
856 41 - ELECTRONIC LOCATION AND ACCESS
Uniform Resource Identifier <a href="https://biblioeco.unsa.edu.ar/pmb/images/revistas/Direction of Trade Statistics.jpg">https://biblioeco.unsa.edu.ar/pmb/images/revistas/Direction of Trade Statistics.jpg</a>
Link text Imagen de portada
Electronic format type image/jpeg
942 ## - ADDED ENTRY ELEMENTS (KOHA)
Koha item type

No hay ítems disponibles.